Online
Catalog

Cortes, monarquía y ciudades en Aragón durante el reinado de Alfonso el Magnánimo, 1416-1458 / (Record no. 6718)

MARC details
000 -CABECERA
campo de control de longitud fija 01310cam a2200313 a 4500
001 - NÚMERO DE CONTROL
campo de control 000006934
005 - FECHA Y HORA DE LA ÚLTIMA TRANSACCIÓN
campo de control 20200929154027.0
008 - DATOS DE LONGITUD FIJA--INFORMACIÓN GENERAL
campo de control de longitud fija 971125s1994 sp a b s001 0 spa d
020 ## - NÚMERO INTERNACIONAL ESTÁNDAR DEL LIBRO
Número Internacional Estándar del Libro 8478201742
035 ## - NÚMERO DE CONTROL DEL SISTEMA
Número de control de sistema (DLC) 97218876
035 ## - NÚMERO DE CONTROL DEL SISTEMA
Número de control de sistema (OCoLC)33944832
040 ## - FUENTE DE LA CATALOGACIÓN
Centro catalogador/agencia de origen DO-SdBNP
Centro/agencia transcriptor EYM
Centro/agencia modificador PL#
-- NYP
-- AZU
-- DLC
082 ## - NÚMERO DE LA CLASIFICACIÓN DECIMAL DEWEY
Número de clasificación 946.02
Número de documento/Ítem S211c
049 ## - FONDOS LOCALES (OCLC)
Fondos de biblioteca BNGR
100 1# - ENTRADA PRINCIPAL--NOMBRE DE PERSONA
Nombre de persona Sánchez Aragonés, Luisa Ma.
Forma completa/desarrollada del nombre (Luisa María),
Fechas asociadas al nombre 1965-
9 (RLIN) 19232
245 10 - MENCIÓN DE TÍTULO
Título Cortes, monarquía y ciudades en Aragón durante el reinado de Alfonso el Magnánimo, 1416-1458 /
Mención de responsabilidad, etc. Luisa Ma. Sánchez Aragonés.
260 ## - PUBLICACIÓN, DISTRIBUCIÓN, ETC.
Lugar de publicación, distribución, etc. Zaragoza :
Nombre del editor, distribuidor, etc. Institución Fernando el Católico,
Fecha de publicación, distribución, etc. 1994.
300 ## - DESCRIPCIÓN FÍSICA
Extensión 478 p. :
Otras características físicas il. ;
Dimensiones 21 cm.
490 1# - MENCIÓN DE SERIE
Mención de serie Publicación de la institución "Fernando el Católico"
Designación de volumen o secuencia 1608
504 ## - NOTA DE BIBLIOGRAFÍA, ETC.
Nota de bibliografía, etc. Incluye referencias bibliográficas y notas al pie de las páginas.
504 ## - NOTA DE BIBLIOGRAFÍA, ETC.
Nota de bibliografía, etc. Bibliografías: p. 431-443.
500 ## - NOTA GENERAL
Nota general Incluye índice nombres y de lugares.
600 00 - PUNTO DE ACCESO ADICIONAL DE MATERIA--NOMBRE DE PERSONA
Nombre de persona Alfonso V,
Fechas asociadas al nombre 1396-1458.
9 (RLIN) 19233
651 #4 - PUNTO DE ACCESO ADICIONAL DE MATERIA--NOMBRE GEOGRÁFICO
Nombre geográfico Aragón (Reino{Rpara}
Subdivisión general Historia
Subdivisión de forma FUENTES
9 (RLIN) 19234
651 #4 - PUNTO DE ACCESO ADICIONAL DE MATERIA--NOMBRE GEOGRÁFICO
Nombre geográfico Aragón (España{Rpara}
Subdivisión general Política Y Gobierno
9 (RLIN) 18582
651 #4 - PUNTO DE ACCESO ADICIONAL DE MATERIA--NOMBRE GEOGRÁFICO
Nombre geográfico Aragón (España{Rpara}
Subdivisión general Historia
9 (RLIN) 19235
830 #0 - PUNTO DE ACCESO ADICIONAL DE SERIE-TÍTULO UNIFORME
Título uniforme Publicación de la institución "Fernando el Católico" ;
Designación de volumen o secuencia 1608.
9 (RLIN) 19236
910 ## - DATOS DE OPCIÓN DEL USUARIO (OCLC)
Datos de opción del usuario Catalogación por copia / LC
Holdings
Estado de retiro Estado de pérdida Restricciones de uso No para préstamo Código de colección Localización permanente Ubicación/localización actual Ubicación en estantería Fecha de adquisición Número de inventario Total de préstamos Signatura topográfica completa Código de barras Fecha visto por última vez Precio válido a partir de Tipo de ítem Koha
    Préstamo interno   Monografías: Libros y Folletos General General En catalogación 03.09.2009 LF1   946.02 S211c 6934-10 25.06.2020 25.06.2020 Préstamo interno

Powered by Koha